000 00494nam a2200205Ia 4500
001 12964
003 GE_BSU
008 181216s||||||||xx |||||||||||||| ||und||
020 _a0330392018
040 _cGE_BSU
080 _a821.111-32.1
100 _aRobinson,Peter.
245 _aIn a dry season.An inspector Banks mystery.
260 _aLondon.
260 _bPan Books.
260 _c1999
300 _a456p;18cm.
653 _aIn a dry season.An inspector Banks mystery.
942 _cBK
999 _c46133
_d46133